| 000 | 00519nam a22001697a 4500 | ||
|---|---|---|---|
| 005 | 20231127152333.0 | ||
| 008 | 231127b |||||||| |||| 00| 0 eng d | ||
| 020 | _a969860307-7 | ||
| 082 |
_a610.3 _bSHE-M |
||
| 100 | _aSher Shah Syed | ||
| 245 |
_aMedical Dictionary: _bFor doctors, Nurses,Midwives, paramedics and Medical Students _cDr.Sher Shah Syed |
||
| 260 |
_aPakistan _bNational Forum In women health _c2011 |
||
| 300 | _a358 | ||
| 500 | _aIllustrated Dictionary | ||
| 650 | _aMedical/ Reference | ||
| 999 |
_c34731 _d34731 |
||